Knowledge and competitive advantage <the> coevolution of firms, technology and national institutions
Enregistré dans:
| Auteur principal: | |
|---|---|
| Format: | Livre |
| Langue: | anglais |
| Publié: |
Cambridge
Cambridge University Press
2003
|
| Sujets: | |
| Tags: |
Pas de tags, Soyez le premier à ajouter un tag!
|
MARC
| LEADER | 00000nam$a2200000$$$4500 | ||
|---|---|---|---|
| 001 | 0106359 | ||
| 005 | 20240312115805.8 | ||
| 020 | |a 0-521-81329-8 | ||
| 041 | 0 | |a eng | |
| 044 | |a GB | ||
| 245 | 1 | 0 | |a Knowledge and competitive advantage |b <the> coevolution of firms, technology and national institutions |c Johann Peter Murmann |
| 264 | 1 | |a Cambridge |b Cambridge University Press |c 2003 | |
| 300 | |a 294 s. | ||
| 610 | 2 | 0 | |a podnikanie |
| 610 | 2 | 0 | |a stratégia podnikateľská |
| 610 | 2 | 0 | |a konkurencia |
| 610 | 2 | 0 | |a manažéri |
| 610 | 2 | 0 | |a manažment |
| 610 | 2 | 0 | |a priemysel |
| 610 | 2 | 0 | |a technológia |
| 610 | 2 | 0 | |a technológie nové |
| 610 | 2 | 0 | |a štúdie prípadové |
| 100 | 1 | |a Murmann, Johann Peter | |